000
00221 a2200097 4500
001
28848
100
_a
Crawford, F S
245
_a
Waves Berkley Physics Course-3
260
_a
_b
McGraw-Hill
_c
1968
090
_c
19294
_d
19294
942
_a
NUST-CAE
_c
M
_c
10329
999
_c
263921
_d
263921